Les Fidji pour les touristes... - Statistiques

Statistiques générales
  • Ce quiz a été pris 11 fois
    5 depuis la dernière actualisation
  • Le résultat moyen est 10 sur 20
Statistiques - réponses
Question Indice Réponses % Correct
La vitesse est limitée hors des villes à {80} km/h
100%
Quelles sont les langues officielles ? Anglais
100%
Le suffixe internet est fj
100%
La conduite se fait à droite ou à gauche ? Gauche
100%
Dans la capitale y-a-t-il un décalage horaire avec Paris ? (oui/non) Oui
100%
Combien d'heures (environ) mettrez-vous pour vous y rendre ? (en chiffres) 21
75%
Quelles sont les langues officielles ? Fidjien
75%
Avez-vous besoin d'un visa ? (oui/non) Non
75%
Quelle est la monnaie ? Dollar fidjien
50%
A quelle région appartient ce pays M Mélanésie
50%
Le principal aéroport est N Nadi
50%
Comment se nomme la principale compagnie aérienne locale AF Air Fiji
25%
Quelles sont les langues officielles ? Hindi des Fidji
25%
La religion majoritaire est M Méthodisme
25%
Achats à faire 2/ Bijoux fabriqués à partir de coquillages, en... Nacre
25%
Achats à faire 3/ Objets sculptés en ... Bois
0%
Quelles sont les principaux lieux touristiques ? NT Ile de {Nadi Tivua}
0%
Achats à faire 1/ Tissu traditionnel Tapa
0%
Quelles sont les principaux lieux touristiques ? SSS Temple {Sri Siva Subramaniya}
0%
Quel est le climat local ? TM Tropical marin
0%
Aucun quiz correspondant
Distribution des résultats
% des personnes avec chaque résultat
Percentile par nombre de réponses
Votre historique - résultats
Vous n’avez pas pris ce quiz depuis la dernière actualisation